|
|
|
|
| LEADER |
00000npm a22000007a 4500 |
| 003 |
UAHC |
| 005 |
20260417101155.0 |
| 008 |
240823b ||||||||||||| 00| 0 spa d |
| 040 |
|
|
|a UAHC
|c UAHC
|
| 245 |
|
|
|a Uno
|
| 300 |
|
|
|a 1 mazo de cartas
|
| 505 |
|
|
|a Mazos Central: 56 cartas y un folleto con instrucciones y reglas del juego
|
| 505 |
|
|
|a Mazos República: c.1:108 cartas y un folleto con instrucciones y reglas del juego -- c.2 y c.3: 56 cartas y un folleto con instrucciones y reglas del juego.
|
| 505 |
|
|
|a Mazos Serrano: 56 cartas y un folleto con instrucciones y reglas del juego.
|
| 650 |
|
0 |
|a Juegos de mesa
|9 6549
|
| 900 |
|
|
|a UNO
|
| 942 |
|
|
|2 ddc
|c JM
|
| 952 |
|
|
|0 0
|1 0
|4 0
|6 UNO
|7 0
|9 99866
|a BR
|b BR
|c Referencia
|d 2024-08-23
|e Compra
|g 5490.00
|l 79
|o UNO
|p 1472177
|r 2026-04-27 13:04:53
|s 2026-04-27
|t 1
|w 2024-08-23
|x Factura Ansaldo Nº3027819
|y JM
|z Revisar contenido antes de devolver
|
| 952 |
|
|
|0 0
|1 0
|4 0
|6 UNO
|7 0
|9 100020
|a BS
|b BS
|c Referencia
|d 2024-09-23
|e Donación
|g 5490.00
|l 97
|o UNO
|p 1444611
|r 2026-04-30 16:03:20
|s 2026-04-30
|t 1
|w 2024-09-23
|y JM
|z Revisar contenido antes de devolver
|
| 952 |
|
|
|0 0
|1 0
|4 0
|6 UNO
|7 0
|9 100810
|a BC
|b BC
|c Referencia
|d 2025-05-15
|e Compra
|g 2975.00
|l 67
|o UNO
|p 1472389
|r 2026-04-29 13:11:03
|s 2026-04-29
|t 1
|w 2025-05-15
|x OC: 2327 / Factura Buscalibre Nº231668
|y JM
|z Revisar contenido antes de devolver
|
| 952 |
|
|
|0 0
|1 0
|4 0
|6 UNO
|7 0
|9 100811
|a BC
|b BC
|c Referencia
|d 2025-05-15
|e Compra
|g 2975.00
|l 90
|o UNO
|p 1472386
|r 2026-04-28 18:38:09
|s 2026-04-28
|t 2
|w 2025-05-15
|x OC: 2327 / Factura Buscalibre Nº231668
|y JM
|z Revisar contenido antes de devolver
|
| 952 |
|
|
|0 0
|1 0
|4 0
|6 UNO
|7 0
|9 100812
|a BR
|b BR
|c Referencia
|d 2025-05-15
|e Compra
|g 2975.00
|l 9
|o UNO
|p 1472387
|r 2026-01-14 00:00:00
|s 2025-11-28
|t 2
|w 2025-05-15
|x OC: 2327 / Factura Buscalibre Nº231668
|y JM
|z Revisar contenido antes de devolver
|
| 952 |
|
|
|0 0
|1 0
|4 0
|6 UNO
|7 0
|9 100813
|a BS
|b BS
|c Referencia
|d 2025-05-15
|e Compra
|g 2975.00
|l 15
|o UNO
|p 1472388
|r 2026-04-29 13:08:04
|s 2026-04-29
|t 2
|w 2025-05-15
|x OC: 2327 / Factura Buscalibre Nº231668
|y JM
|z Revisar contenido antes de devolver
|
| 952 |
|
|
|0 0
|1 0
|4 0
|6 UNO
|7 0
|9 102005
|a BC
|b BC
|c Referencia
|d 2026-04-17
|e Compra
|g 3185.00
|l 3
|o UNO
|p 1472531
|r 2026-04-30 13:27:09
|s 2026-04-30
|t 3
|w 2026-04-17
|x OC: 2345 / Factura Buscalibre Nº 247449
|y JM
|z Revisar contenido antes de devolver
|
| 952 |
|
|
|0 0
|1 0
|4 0
|6 UNO
|7 0
|9 102006
|a BC
|b BC
|c Referencia
|d 2026-04-17
|e Compra
|g 3185.00
|l 6
|o UNO
|p 1472532
|r 2026-04-29 14:51:52
|s 2026-04-29
|t 4
|w 2026-04-17
|x OC: 2345 / Factura Buscalibre Nº 247449
|y JM
|z Revisar contenido antes de devolver
|
| 952 |
|
|
|0 0
|1 0
|4 0
|6 UNO
|7 0
|9 102007
|a BC
|b BC
|c Referencia
|d 2026-04-17
|e Compra
|g 3185.00
|l 3
|o UNO
|p 1472533
|r 2026-04-29 14:51:54
|s 2026-04-29
|t 5
|w 2026-04-17
|x OC: 2345 / Factura Buscalibre Nº 247449
|y JM
|z Revisar contenido antes de devolver
|
| 952 |
|
|
|0 0
|1 0
|4 0
|6 UNO
|7 0
|9 102008
|a BR
|b BR
|c Referencia
|d 2026-04-17
|e Compra
|g 3185.00
|l 0
|o UNO
|p 1472534
|r 2026-04-17 17:58:01
|t 3
|w 2026-04-17
|x OC: 2345 / Factura Buscalibre Nº 247449
|y JM
|z Revisar contenido antes de devolver
|
| 952 |
|
|
|0 0
|1 0
|4 0
|6 UNO
|7 0
|9 102009
|a BS
|b BS
|c Referencia
|d 2026-04-17
|e Compra
|g 3185.00
|l 1
|o UNO
|p 1472535
|r 2026-04-24 11:06:57
|s 2026-04-24
|t 3
|w 2026-04-17
|x OC: 2345 / Factura Buscalibre Nº 247449
|y JM
|z Revisar contenido antes de devolver
|
| 999 |
|
|
|c 61971
|d 61971
|